[Event "Titled Tuesday intern op 12th Mar Late"]
[Site "Chess.com INT"]
[Date "2024.03.12"]
[Round "7"]
[White "Grigorjev, Iljya"]
[Black "Xiong, Jeffery"]
[Result "0-1"]
[WhiteElo "2444"]
[BlackElo "2645"]
[PlyCount "52"]
[EventDate "2024.03.12"]
[EventType "swiss (blitz)"]
[EventRounds "11"]
[EventCountry "USA"]
[SourceTitle "CB12_2024"]
[SourceDate "2023.10.01"]
[SourceVersion "1"]
[SourceVersionDate "2023.10.01"]
[SourceQuality "1"]

1. e4 c5 2. Nf3 d6 3. d4 cxd4 4. Nxd4 Nf6 5. Nc3 a6 6. Bg5 e6 7. f4 h6 8. Bh4 Qb6 9. Qd2 Qxb2 10. Rb1 Qa3 11. e5 dxe5 12. fxe5 g5 13. exf6 gxh4 14. Be2 h3 15. g3 Nd7 16. 0-0 Qa5 17. Kh1 Bb4 18. Nxe6 fxe6 19. Rxb4 Qxb4 20. Qd3 Rf8 21. Ne4 Kd8 22. f7 Kc7 23. c3 Qe7 24. Qc4+ Kb8 25. Rd1 Qxf7 26. Nd6 Qf2 0-1

[Event "Titled Tuesday intern op 27th Feb Late"]
[Site "Chess.com INT"]
[Date "2024.02.27"]
[Round "6"]
[White "Nakamura, Hikaru"]
[Black "Xiong, Jeffery"]
[Result "1-0"]
[WhiteElo "2788"]
[BlackElo "2659"]
[PlyCount "101"]
[EventDate "2024.02.27"]
[EventType "swiss (blitz)"]
[EventRounds "11"]
[EventCountry "USA"]
[SourceTitle "CB10_2024"]
[SourceDate "2024.03.06"]
[SourceVersion "1"]
[SourceVersionDate "2024.03.06"]
[SourceQuality "1"]

1. h3 d5 2. d4 c5 3. dxc5 e6 4. e4 Nf6 5. Nc3 d4 6. e5 dxc3 7. Qxd8+ Kxd8 8. exf6 gxf6 9. Ne2 cxb2 10. Bxb2 Nd7 11. 0-0-0 Kc7 12. Ng3 Bxc5 13. Ne4 Be7 14. Bb5 Rd8 15. Bxd7 Bxd7 16. Bxf6 Bc6 17. Bxe7 Rxd1+ 18. Rxd1 Bxe4 19. g4 Bd5 20. a3 Rc8 21. Bf6 Kd7 22. Rd4 Rc4 23. Rxc4 Bxc4 24. Bd4 b6 25. g5 Bf1 26. h4 Be2 27. Kd2 Bh5 28. c4 Kc6 29. f4 Bg6 30. Kc3 Bh5 31. Be3 Bg6 32. Kd4 Kd6 33. Bd2 a5 34. Be3 Bb1 35. Bf2 Bf5 36. Kc3 Kc6 37. Be1 Bh3 38. Kd4 Bf1 39. Ke5 Kd7 40. Kf6 Ke8 41. c5 bxc5 42. Bxa5 Bd3 43. Bb6 c4 44. Bd4 Bg6 45. a4 Kd7 46. a5 Kc6 47. Kg7 Kb5 48. Bc3 Ka6 49. Kh6 Kb5 50. h5 Bf5 51. Kg7 1-0

[Event "Titled Tuesday intern op 13th Feb Late"]
[Site "Chess.com INT"]
[Date "2024.02.13"]
[Round "9"]
[White "Bortnyk, Olexandr"]
[Black "Xiong, Jeffery"]
[Result "1-0"]
[WhiteElo "2608"]
[BlackElo "2659"]
[PlyCount "101"]
[EventDate "2024.02.13"]
[EventType "swiss (blitz)"]
[EventRounds "11"]
[EventCountry "USA"]
[SourceTitle "CB08_2024"]
[SourceDate "2024.02.21"]
[SourceVersion "1"]
[SourceVersionDate "2024.02.21"]
[SourceQuality "1"]

1. e4 c6 2. c4 d5 3. cxd5 cxd5 4. exd5 Nf6 5. Qa4+ Nbd7 6. Nc3 g6 7. Nf3 Bg7 8. Bc4 a6 9. d3 Rb8 10. Bb3 b5 11. Qf4 Bb7 12. Be3 0-0 13. d6 exd6 14. Qxd6 Bxf3 15. gxf3 Re8 16. d4 Rb6 17. Qf4 Nf8 18. d5 Nh5 19. Qb4 Bh6 20. Ne4 Bxe3 21. fxe3 Qh4+ 22. Ke2 Nd7 23. d6 Ne5 24. d7 Rd8 25. Qd4 Nxd7 26. Bxf7+ Kf8 27. Rad1 Qh3 28. Bb3 Qg2+ 29. Nf2 Rf6 30. Qg4 Nf4+ 31. Ke1 Re8 32. e4 Ne5 33. Qxg2 Nxg2+ 34. Ke2 Rxf3 35. Rd6 Nf4+ 36. Ke1 Rc8 37. Nd1 a5 38. Nc3 a4 39. Bd1 Rd3 40. Nxb5 Rxd6 41. Nxd6 Rc6 42. Nb5 Rb6 43. Bxa4 Nfd3+ 44. Kd2 Nxb2 45. Nc3 Nbc4+ 46. Kc1 Rb2 47. Bc2 Rb8 48. Rf1+ Ke7 49. Rd1 Ne3 50. Nd5+ Nxd5 51. Rxd5 1-0

[Event "Titled Tuesday intern op 13th Feb Early"]
[Site "Chess.com INT"]
[Date "2024.02.13"]
[Round "2"]
[White "Xiong, Jeffery"]
[Black "Kislinsky, Alexey"]
[Result "1-0"]
[WhiteElo "2659"]
[BlackElo "2361"]
[PlyCount "111"]
[EventDate "2024.02.13"]
[EventType "swiss (blitz)"]
[EventRounds "11"]
[EventCountry "USA"]
[SourceTitle "CB08_2024"]
[SourceDate "2024.02.21"]
[SourceVersion "1"]
[SourceVersionDate "2024.02.21"]
[SourceQuality "1"]

1. e4 c5 2. Nf3 Nc6 3. Bb5 Nf6 4. Nc3 g6 5. e5 Ng4 6. Bxc6 dxc6 7. h3 Nh6 8. Ne4 b6 9. d3 Nf5 10. Bf4 Bg7 11. Qd2 Nd4 12. Nxd4 Qxd4 13. Qc3 0-0 14. Bg3 Bf5 15. Nd2 Qxc3 16. bxc3 f6 17. Nf3 Be6 18. c4 f5 19. Bf4 h6 20. h4 Rab8 21. a4 a6 22. Ke2 b5 23. axb5 axb5 24. cxb5 cxb5 25. Ra6 Kf7 26. h5 gxh5 27. Rxh5 Ra8 28. Rb6 Rab8 29. Rxb8 Rxb8 30. Nh4 b4 31. Nxf5 Bxf5 32. Rxf5+ Kg6 33. g4 b3 34. cxb3 Rxb3 35. e6 Bd4 36. Be3 Rb6 37. Bxd4 cxd4 38. Re5 Kf6 39. f4 Rxe6 40. Rxe6+ Kxe6 41. Kf3 Kd5 42. Kg3 Ke6 43. Kg2 Kf6 44. Kf3 e5 45. f5 h5 46. gxh5 Kxf5 47. h6 Kg6 48. Ke4 Kxh6 49. Kxe5 Kg6 50. Kxd4 Kf6 51. Kd5 Ke7 52. Kc6 Kd8 53. d4 Kc8 54. d5 Kd8 55. Kd6 Ke8 56. Kc7 1-0

[Event "Titled Tuesday intern op 13th Feb Late"]
[Site "Chess.com INT"]
[Date "2024.02.13"]
[Round "8"]
[White "Xiong, Jeffery"]
[Black "Korchmar, Vasiliy"]
[Result "1-0"]
[WhiteElo "2659"]
[BlackElo "2438"]
[PlyCount "53"]
[EventDate "2024.02.13"]
[EventType "swiss (blitz)"]
[EventRounds "11"]
[EventCountry "USA"]
[SourceTitle "CB08_2024"]
[SourceDate "2024.02.21"]
[SourceVersion "1"]
[SourceVersionDate "2024.02.21"]
[SourceQuality "1"]

1. e4 c5 2. Nf3 d6 3. Nc3 Nc6 4. d4 cxd4 5. Nxd4 Nf6 6. Bg5 Bd7 7. Bxf6 gxf6 8. Bc4 e6 9. Bb3 a6 10. Nxc6 Bxc6 11. f4 b5 12. f5 b4 13. Ne2 e5 14. Bd5 Qb6 15. c3 Bh6 16. Bxc6+ Qxc6 17. 0-0 0-0 18. Ng3 bxc3 19. bxc3 Kh8 20. Qf3 Rac8 21. Rad1 Rfd8 22. Qh5 Be3+ 23. Kh1 Qxc3 24. Qxf7 Rf8 25. Qe7 Bf4 26. Nh5 Bh6 27. Nxf6 1-0

[Event "Chessable Play In Match D2"]
[Site "Chess.com INT"]
[Date "2024.02.01"]
[Round "1.3"]
[White "Xiong, Jeffery"]
[Black "Bortnyk, Olexandr"]
[Result "1-0"]
[WhiteElo "2659"]
[BlackElo "2608"]
[PlyCount "111"]
[EventDate "2024.02.01"]
[EventType "k.o. (rapid)"]
[EventRounds "2"]
[EventCountry "USA"]
[SourceTitle "CB06_2024"]
[SourceDate "2024.02.07"]
[SourceVersion "1"]
[SourceVersionDate "2024.02.07"]
[SourceQuality "1"]

1. e4 d6 2. d4 Nf6 3. Nc3 e5 4. Nf3 Nbd7 5. Bc4 Be7 6. a4 0-0 7. 0-0 a6 8. h3 b6 9. Be3 Bb7 10. d5 c6 11. dxc6 Bxc6 12. Nd2 Nc5 13. Bxc5 dxc5 14. Qe2 Qc7 15. Bxa6 Rfd8 16. Bb5 Bb7 17. Rfd1 g6 18. Nf3 Kg7 19. Bc4 h6 20. b3 Bc6 21. Bd5 Bxd5 22. Nxd5 Nxd5 23. Rxd5 Rxd5 24. exd5 Bd6 25. Nd2 f5 26. Nc4 e4 27. Rd1 Re8 28. a5 bxa5 29. Ra1 Rd8 30. Qd2 Bf4 31. Qc3+ Kf7 32. g3 Bg5 33. d6 Qb7 34. Qxa5 e3 35. Qc7+ Rd7 36. Ne5+ Ke6 37. Qxd7+ Qxd7 38. Nxd7 Kxd7 39. f4 Bf6 40. Ra7+ Kxd6 41. Ra6+ Ke7 42. Kf1 Kf7 43. Rxf6+ Kxf6 44. Ke2 g5 45. Kxe3 g4 46. h4 Ke6 47. Kd3 Kd5 48. c4+ Kc6 49. Kc3 Kb7 50. h5 Ka6 51. b4 Kb6 52. bxc5+ Kxc5 53. Kd3 Kc6 54. Kd4 Kd6 55. c5+ Ke6 56. Kc4 1-0

[Event "Chessable Masters Play In"]
[Site "Chess.com INT"]
[Date "2024.01.31"]
[Round "3"]
[White "Xiong, Jeffery"]
[Black "Kantor, Gergely"]
[Result "1-0"]
[WhiteElo "2659"]
[BlackElo "2531"]
[PlyCount "49"]
[EventDate "2024.01.31"]
[EventType "swiss (rapid)"]
[EventRounds "9"]
[EventCountry "USA"]
[SourceTitle "CB06_2024"]
[SourceDate "2024.02.07"]
[SourceVersion "1"]
[SourceVersionDate "2024.02.07"]
[SourceQuality "1"]

1. e4 e5 2. Nf3 Nc6 3. Bc4 Nf6 4. d4 exd4 5. e5 Ne4 6. Qe2 Nc5 7. c3 d3 8. Qe3 Be7 9. Nbd2 d5 10. exd6 cxd6 11. Bxd3 Nxd3+ 12. Qxd3 0-0 13. 0-0 Bg4 14. Re1 Rc8 15. Nf1 Ne5 16. Nxe5 dxe5 17. Qe4 Qd7 18. Qxe5 Bf6 19. Qg3 b5 20. Bf4 b4 21. Ne3 Bh5 22. cxb4 Bxb2 23. Be5 Bxe5 24. Qxe5 Rfe8 25. Qxh5 1-0